Slovakia Economy Briefing: New Economic Outlook for Slovakia
Slovenská ekonomika a jej vyhliadky do budúcna. Percentuálna zmena svetového HDP. Ekonomika ovplyvnená šírením ochorenia COVID-19.
Guardado en:
| Autor principal: | |
|---|---|
| Formato: | Capítulo de libro |
| Lenguaje: | inglés |
| Materias: | |
| Etiquetas: |
Sin Etiquetas, Sea el primero en etiquetar este registro!
|
MARC
| LEADER | 00000naa a2200000 4500 | ||
|---|---|---|---|
| 001 | 0273198 | ||
| 005 | 20240502083832.9 | ||
| 041 | 0 | |a eng | |
| 044 | |a HU | ||
| 245 | 1 | 0 | |a Slovakia Economy Briefing: New Economic Outlook for Slovakia |c Martin Grešš |
| 520 | |a Slovenská ekonomika a jej vyhliadky do budúcna. Percentuálna zmena svetového HDP. Ekonomika ovplyvnená šírením ochorenia COVID-19. | ||
| 610 | 2 | 0 | |a koronavírus |
| 610 | 2 | 0 | |a produkt domáci hrubý |
| 610 | 2 | 0 | |a banky |
| 610 | 2 | 0 | |a Slovensko |
| 100 | 1 | |a Grešš, Martin, 1978- | |